Objetos guardados, objetos mostrados: la visita escolar al museo

Saved in:
Bibliographic Details
Main Authors: Tabakman, Silvia (Author), Augustowsky, Gabriela (Author), Edelstein, Oscar (Author)
Format: Book
Language:Spanish
Published: Buenos Aires Biblos 2011
Series:Claves para la Formación Docente
Subjects:
Tags: Add Tag
No Tags, Be the first to tag this record!

MARC

LEADER 00000cam a2200000 a 4500
001 UCF0004
003 CL-VaPUC
008 120420e20110000AG |||||||||||||||||spa|d
020 |a 9789507868795 
082 0 4 |a 371.1  |b TAB  |2 21 
100 0 |a Tabakman, Silvia  |e author  |9 561805 
700 0 |a Augustowsky, Gabriela  |e author  |9 561806 
700 0 |a Edelstein, Oscar  |e author  |9 561807 
245 1 0 |a Objetos guardados, objetos mostrados: la visita escolar al museo 
300 |a 164 p 
942 |c BK 
945 |d 20120420 00:00:00  |a dcastane 
260 |a Buenos Aires  |b Biblos  |c 2011 
650 0 |a Formación docente   |9 494449 
650 0 |a Museos  |9 269209 
583 |a last modification  |c 20120903 04:04:33  |k Rodrigo Vera 
490 0 |a Claves para la Formación Docente 
999 |c 347526  |d 347524 
952 |0 0  |1 0  |4 0  |6 371_100000000000000_TAB_2011  |7 0  |8 A  |9 448933  |a BIBHIS  |b BIBHIS  |d 2019-11-22  |i 4855566  |l 1  |o 371.1 TAB 2011  |p 4855566  |r 2025-01-20  |s 2023-09-05  |w 2019-11-22  |y BK  |k HIS